Quizzes
Events
Quiz Creation
Community
Videos
Private Events
Remove Ads
Sign In
Join for FREE
Feedback
Dark Mode
Quiz Categories
Sports
Geography
Music
Movies
Television
Just For Fun
Miscellaneous
History
Literature
Language
Science
Gaming
Entertainment
Religion
Holiday
For Kids
Quiz Lab
Recent
Popular Today
Quiz Kudos Today
Editor Picks
Curator Picks
Quizzes by...
Day
Popularity
Type
Ratings
Length
Year
Community
Subscriptions
Recent Discussions
Orange Saloon
Badges
Playlists
Quests
Create
Leaderboards
Showdown
Live 5
Trivia Bingo
Activity
Puzzle Library
Sporcle Events
Private Events
Virtual Trivia
Globe League
Become a Host
Pub Owners
SporcleCon
Opinionation
Our Games
Videos
Blog
Mobile Apps
Partnerships
Remove Ads and Go Orange
Feedback
Entertainment
Celebrity
Famous
Musical
Broadway
Show
Quote
Comic Books
Anime
Superhero
DC Comics
Marvel
Cartoons
Animation
Entertainment
Celebrity
Famous
Musical
Broadway
Show
Quote
Comic Books
Anime
Superhero
DC Comics
Marvel
Cartoons
Animation
Random Quiz
Search Sporcle
×
Curator Pick
Curator Pick
Entertainment
Clickable
Select answers by clicking on text or image buttons
Select answers by clicking on text or image buttons
Clickable
Best Score? Go Orange.
Pulitzer Prize Playwrights Stats
Can you pick the playwright who wrote the Pulitzer Prize-winning play?
By
Puzzgal
10m
40 Questions
367 Plays
367 Plays
367 Plays
Comments
Comments
Give Quiz Kudos
Give Quiz Kudos
-
- Ratings
hide this ad
Forced Order
Answers have to be entered in order
Answers have to be entered in order
Replay
Link that replays current quiz
Next Quiz
Link to next quiz in quiz playlist
You Got
0%
They Got
Avg Score
63%
Avg Friend Score
Upgrade to see
Score Distribution
Jump to the score distribution portion of the page
Score
0/40
Timer
10:00
0
Plays Today
% Correct
Williams, Tennessee
86.1%
Williams, Tennessee
85.8%
Mamet, David
85%
Miller, Arthur
83.9%
Wilson, August
79.6%
Simon, Neil
77.1%
Wilder, Thornton
76.3%
O'Neill, Eugene
73.8%
Wasserstein, Wendy
73.8%
Wilder, Thornton
73%
Norman, Marsha
72.8%
Vogel, Paula
71.7%
Albee, Edward
71.7%
Wilson, August
71.1%
Shepard, Sam
69.5%
Albee, Edward
68.9%
O'Neill, Eugene
68.4%
Zindel, Paul
68.4%
Albee, Edward
68.1%
Uhry, Alfred
68.1%
% Correct
Edson, Margaret
62.7%
Chase, Mary
60.8%
Norris, Bruce
60.2%
Parks, Suzan-Lori
59.9%
Henley, Beth
58.3%
Lindsay-Abaire, David
56.1%
Sherwood, Robert E.
56.1%
Patrick, John
55.9%
Miller, Jason
54.2%
Sherwood, Robert E.
54.2%
Sackler, Howard
54%
Gilroy, Frank D.
52.9%
Letts, Tracy
49.3%
Shanley, John Patrick
45.8%
Cruz, Nilo
45.5%
Rice, Elmer
43.9%
Larson, Jonathan
43.3%
Inge, William
42%
Anderson, Maxwell
41.7%
Auburn, David
37.3%
Quiz Playlist
Details
Report
Send in Message
Add To Playlist
Clickable:
Select answers by clicking on text or image buttons
Forced Order:
Answers have to be entered in order
Quiz Source
Last Updated: Feb 16, 2017
Curator Pick in
Play
Quiz Scoreboard
CHALLENGE
Sign Up to Join the Scoreboard
Show All
Scores
Hide
Comments
May contain spoilers
Recently Published
Click the 1999 NBA Draft
by nibperrychub
Sports
2m
Alphabetical 'K' Countries by Flag Minefield
by ylime102
Geography
3m
Pick 6: Fruits
by JohnFran
Miscellaneous
15s
More to Explore
Quiz From the Vault
Featured Blog Post
15 Basketball Trivia Facts You Can Be March Mad About
hide this ad
You Might Also Like...
Tags
Clickable Quiz
Play Quiz
Drama
Playwright
Pulitzer Prize
Today's Top Quizzes in Entertainment
Browse Entertainment
hide this ad
Today's Top Quizzes in Clickable
Browse Clickable
Top Contributed Quizzes in Entertainment
1
Eurovision 2023 Logic Puzzle
2
The Joker Actors by Order
3
Spider-Man Actors by Order
4
JoJo's Bizarre Logic Quiz
5
Marvel, Role-Playing, Shakespeare, and Cats, Oh My!
6
Click the Fictional John
7
Dragon Ball Z: Goku's Fights in Order
8
Click the Fictional Bruce
9
Picture Click Blitz: Snow White
10
The Incredible Hulk Actors by Order
Explore More
Trending Topics
Harry Potter
Crossword
Marvel
Kpop
NBA
Anime
Disney
Puzzle
Pokémon
The Office
WWE
Song
NFL
Country
Soccer
hide this ad
More By:
Puzzgal
Quiz
Plays
Rating
Category
Featured
Created
Categorize the Countries
172,471
4.55
Geography
Mar 23, 2014
Categorize the Colors
163,316
4.51
Language
Jun 6, 2013
English Puns
132,454
4.26
Language
Dec 14, 2013
Follow That Lyric: The Sound of Music
119,955
4.42
Entertainment
Oct 25, 2012
Movie Title Missing Person
117,443
4.55
Movies
May 14, 2012
Go to Creator's Profile
Score Distribution
Quiz Creator Spotlight
Puzzgal
Follow
Send a Message
Quizzes Created
-
Created Quiz Play Count
-
More By This Creator
Popular Quizzes Today
1
Countries of Asia Without Outlines Minefield
2
Find the US States - No Outlines Minefield
3
Pick 6: Fruits
4
Alphabetical 'K' Countries by Flag Minefield
5
The Countries of the World
6
Find the Countries of Europe - No Outlines Minefield
7
Find the US States
8
US States
More Entertainment Quizzes
'A' Cartoon Characters by Picture
Published
Trending Quizzes
Pick 6: Mountains
Pick 6: Harry Potter
Pick 6: Flags
Pick 6: NFL Teams
Pick 6: Movie Franchises
Recently Updated
NWSL Teams
pecheneg
Women's Final Four Teams by Year
bhenderson79
Presidents Quartet II
eogle
Anything But Clue(do)
eogle
Anything But Oceanian Capitals
eogle
Anything But 7
eogle
Anything But Thing
eogle
Word Ladder: February 29
pecheneg
Song Title Questions
pecheneg
Women's NCAA Tournament #1 Seeds
pecheneg
Trending Topics
Marvel
Disney
NBA
Kpop
Harry Potter
Anime
Crossword
Soccer
Song
Pokémon
Country
NFL
WWE
Puzzle
The Office
Your Account Isn't Verified!
In order to create a playlist on Sporcle, you need to verify the email address you used during registration. Go to your
Sporcle Settings
to finish the process.
Report this User
Report this user for behavior that violates our
Community Guidelines
.
Details:
Send Report
Go to the Sporcle.com Mobile Site →
Comments